000 00899cam a22002534a 4500
001 11849263
005 20180109041805.0
008 991123s2000 nyua b 001 0 eng
010 _a 99059633
020 _a0066620635 (alk. paper)
040 _aDLC
_cDLC
_dDLC
041 _aeng
042 _apcc
043 _an-us---
080 _a658
082 0 0 _a658 BOU
_221
100 1 _a58
101 _aBIZ
245 1 0 _aCracking the value code :
_cby Richard E.S. Boulton, Barry Libert, Steve Samek.
504 _aIncludes bibliographical references (p. 251-258) and index.
906 _a7
_bcbc
_corignew
_d1
_eocip
_f19
_gy-gencatlg
942 _2ddc
_cBK
999 _c39865
_d39865